[Event "Amazons Pride Blitz"]
[Site "Chess.com INT"]
[Date "2021.10.23"]
[Round "8"]
[White "Doroshenko, Diana"]
[Black "Vargas, Gabriela"]
[Result "0-1"]
[WhiteElo "2141"]
[BlackElo "2152"]
[PlyCount "68"]
[EventDate "2021.10.23"]
[EventType "swiss (blitz)"]
[EventRounds "9"]
[EventCountry "USA"]
[SourceTitle "CBM 204 Extra"]
[Source "ChessBase"]
[SourceDate "2021.11.30"]
[SourceVersion "1"]
[SourceVersionDate "2021.11.30"]
[SourceQuality "1"]

1. e4 e6 2. Qe2 c5 3. Nf3 Nc6 4. g3 g6 5. Bg2 Bg7 6. 0-0 d6 7. Re1 Nge7 8. c3 a6 9. a4 0-0 10. Na3 Rb8 11. d3 b5 12. Bf4 b4 13. Nc4 bxc3 14. Bxd6 Rxb2 15. Qe3 Nd4 16. Bxc5 Nc2 17. Qg5 Nxe1 18. Rxe1 Re8 19. Nxb2 cxb2 20. d4 Nc6 21. Qxd8 Rxd8 22. e5 f6 23. Ba3 fxe5 24. dxe5 Nxe5 25. Nxe5 Bxe5 26. Rb1 Rd2 27. Be4 Bd4 28. Kh1 e5 29. Bb4 Rxf2 30. Rd1 Bf5 31. Bd5+ Kg7 32. Ba2 Be4+ 33. Kg1 Rd2+ 34. Kf1 Rxd1+ 0-1

[Event "Amazons Pride Blitz"]
[Site "Chess.com INT"]
[Date "2021.10.23"]
[Round "6"]
[White "Hamedi Nia, Vesal"]
[Black "Doroshenko, Diana"]
[Result "1-0"]
[WhiteElo "1980"]
[BlackElo "2141"]
[PlyCount "97"]
[EventDate "2021.10.23"]
[EventType "swiss (blitz)"]
[EventRounds "9"]
[EventCountry "USA"]
[SourceTitle "CBM 204 Extra"]
[Source "ChessBase"]
[SourceDate "2021.11.30"]
[SourceVersion "1"]
[SourceVersionDate "2021.11.30"]
[SourceQuality "1"]

1. d4 d5 2. c4 e6 3. Nc3 Nf6 4. Bg5 c6 5. e3 Nbd7 6. Nf3 Qa5 7. Bxf6 Nxf6 8. Nd2 Bd7 9. Be2 Bd6 10. 0-0 0-0 11. a3 Qd8 12. b4 a6 13. Re1 e5 14. cxd5 cxd5 15. Qb3 exd4 16. exd4 Be6 17. Bf3 Qd7 18. Rad1 Bc7 19. Nf1 Rac8 20. Na4 b6 21. Nb2 Qd6 22. Nd3 Ng4 23. Bxg4 Bxg4 24. Rd2 f6 25. Ng3 h5 26. b5 h4 27. Nf1 a5 28. f3 Bf5 29. Nf2 h3 30. Ng3 hxg2 31. Kxg2 Bg6 32. Rh1 Rfe8 33. Nd3 Re3 34. Qd1 Rce8 35. a4 Qa3 36. Nf2 Bf4 37. Re2 Rxe2 38. Nxe2 Be3 39. Ng4 Kf7 40. Re1 Bg5 41. Nf2 Re3 42. Ng3 Bh4 43. Rxe3 Qxe3 44. Ng4 Qc3 45. Ne2 Qc2 46. Ne3 Qxd1 47. Nxd1 Bc2 48. Ndc3 Bg5 49. Nxd5 1-0

[Event "RUS-chT Rapid (Women)"]
[Site "Sochi"]
[Date "2021.10.16"]
[Round "9.2"]
[White "Doroshenko, Diana"]
[Black "Illina, Natalia"]
[Result "1/2-1/2"]
[WhiteElo "2141"]
[BlackElo "2099"]
[PlyCount "52"]
[EventDate "2021.10.15"]
[EventType "team-swiss (rapid)"]
[EventRounds "9"]
[EventCountry "RUS"]
[SourceTitle "CBM 204 Extra"]
[Source "ChessBase"]
[SourceDate "2021.11.30"]
[SourceVersion "1"]
[SourceVersionDate "2021.11.30"]
[SourceQuality "1"]
[WhiteTeam "Krasnodar Strimershi (W)"]
[BlackTeam "Krym Kimmeriya (W)"]
[WhiteTeamCountry "RUS"]
[BlackTeamCountry "RUS"]

1. e4 c5 2. Nf3 e6 3. g3 Nc6 4. Bg2 d6 5. 0-0 Nf6 6. Qe2 Be7 7. c3 0-0 8. d4 cxd4 9. cxd4 d5 10. e5 Ne4 11. Rd1 Qb6 12. Be3 f6 13. exf6 Bxf6 14. Ne5 Nd6 15. Bh3 Qb5 16. Qxb5 Nxb5 17. f4 Nd6 18. Nc3 Ne7 19. b3 Nef5 20. Bf2 h5 21. Rac1 g5 22. Na4 b6 23. Bxf5 Nxf5 24. Rc7 Bxe5 25. fxe5 Ba6 26. Rdc1 Rfc8 1/2-1/2

[Event "RUS-chT (Women)"]
[Site "Sochi"]
[Date "2021.05.04"]
[Round "4.2"]
[White "Nechaeva, Marina"]
[Black "Doroshenko, Diana"]
[Result "1-0"]
[WhiteElo "2403"]
[BlackElo "2170"]
[PlyCount "103"]
[EventDate "2021.05.01"]
[EventType "team-tourn"]
[EventRounds "9"]
[EventCountry "RUS"]
[SourceTitle "CBM 202 Extra"]
[Source "ChessBase"]
[SourceDate "2021.07.31"]
[SourceVersion "1"]
[SourceVersionDate "2021.07.31"]
[SourceQuality "1"]
[WhiteTeam "Khanty Mansiysk Yugra (W)"]
[BlackTeam "Kursk Region Amazons (W)"]
[WhiteTeamCountry "RUS"]
[BlackTeamCountry "RUS"]

1. d4 d5 2. c4 e6 3. Nc3 Nf6 4. cxd5 Nxd5 5. e4 Nxc3 6. bxc3 c5 7. Nf3 cxd4 8. cxd4 Bb4+ 9. Bd2 Bxd2+ 10. Qxd2 0-0 11. Bc4 Nd7 12. 0-0 b6 13. Rfe1 Bb7 14. Rad1 Rc8 15. Bb3 Qf6 16. Re3 Rfd8 17. Qe2 Rc7 18. h3 Qe7 19. Qe1 Nf6 20. d5 e5 21. Qd2 Qd6 22. Qb2 Nd7 23. Nh4 g6 24. Rg3 Kh8 25. Qd2 Nf6 26. Re3 Nh5 27. Nf3 f6 28. g3 Bc8 29. Kg2 Bd7 30. Rc1 Rdc8 31. Rxc7 Rxc7 32. Ne1 Ng7 33. Rf3 f5 34. Qg5 Rc8 35. Nd3 Rf8 36. Re3 Re8 37. f4 fxe4 38. Nxe5 Kg8 39. Rxe4 Bf5 40. Re2 Bd3 41. Rd2 Bb5 42. Ng4 Rf8 43. Qe5 Rd8 44. Rc2 h5 45. Nf6+ Kf8 46. Qxd6+ Rxd6 47. Rc8+ Ke7 48. Ne4 Rd8 49. d6+ Rxd6 50. Nxd6 Kxd6 51. Rg8 Bc6+ 52. Kf2 1-0

[Event "Cheliabinsk Variant Gp-A"]
[Site "Cheliabinsk"]
[Date "2021.03.23"]
[Round "1"]
[White "Girya, Olga"]
[Black "Doroshenko, Diana"]
[Result "1-0"]
[WhiteElo "2432"]
[BlackElo "2162"]
[PlyCount "54"]
[EventDate "2021.03.23"]
[EventType "swiss"]
[EventRounds "10"]
[EventCountry "RUS"]
[SourceTitle "CBM 202 Extra"]
[Source "ChessBase"]
[SourceDate "2021.07.31"]
[SourceVersion "1"]
[SourceVersionDate "2021.07.31"]
[SourceQuality "1"]

1. d4 d5 2. c4 e6 3. Nf3 Nf6 4. Nc3 dxc4 5. e4 Bb4 6. Bxc4 Nxe4 7. 0-0 Nxc3 8. bxc3 Be7 9. Qc2 0-0 10. Bd3 h6 11. Re1 Nd7 12. Bf4 Nf6 13. Qd2 Nh7 14. Bc2 f5 15. Bb3 Rf6 16. h4 Bd6 17. Ne5 c5 18. Re2 Nf8 19. Rae1 a5 20. a4 Qc7 21. Nd3 Bd7 22. Be5 Bxe5 23. Nxe5 Re8 24. h5 Kh7 25. Qf4 Qb6 26. Ba2 Qd8 27. Qe3 g6 1-0

[Event "RUS-chT (Women)"]
[Site "Sochi"]
[Date "2020.11.22"]
[Round "4.3"]
[White "Doroshenko, Diana"]
[Black "Gritsayeva, Oksana"]
[Result "0-1"]
[WhiteElo "2204"]
[BlackElo "2351"]
[PlyCount "54"]
[EventDate "2020.11.19"]
[EventType "team-swiss"]
[EventRounds "9"]
[EventCountry "RUS"]
[SourceTitle "CBM 199 Extra"]
[Source "ChessBase"]
[SourceDate "2021.01.31"]
[SourceVersion "1"]
[SourceVersionDate "2021.01.31"]
[SourceQuality "1"]
[WhiteTeam "Kursk Region Amazons (W)"]
[BlackTeam "Krym Kimmeriya (W)"]
[WhiteTeamCountry "RUS"]
[BlackTeamCountry "RUS"]

1. c4 g6 2. Nc3 Bg7 3. Nf3 c5 4. d4 cxd4 5. Nxd4 Nc6 6. Nb3 Bxc3+ 7. bxc3 f5 8. h4 Nf6 9. Bh6 Kf7 10. c5 b6 11. g3 bxc5 12. Nxc5 Qa5 13. Qb3+ e6 14. Nd3 Rb8 15. Qc2 Nd4 16. Qc1 Bb7 17. f3 Rhc8 18. Bd2 Ba6 19. Kf2 Bxd3 20. exd3 Nxf3 21. Be2 Nxd2 22. Qxd2 Qxc3 23. Qxc3 Rxc3 24. Rhc1 Rxc1 25. Rxc1 Rb2 26. a4 Ra2 27. Rc4 Nd5 0-1

[Event "Satka Autumn op (Women)"]
[Site "Satka"]
[Date "2020.10.29"]
[Round "9"]
[White "Doroshenko, Diana"]
[Black "Bivol, Alina"]
[Result "0-1"]
[WhiteElo "2214"]
[BlackElo "2393"]
[PlyCount "138"]
[EventDate "2020.10.21"]
[EventType "swiss"]
[EventRounds "9"]
[EventCountry "RUS"]
[SourceTitle "CBM 199 Extra"]
[Source "ChessBase"]
[SourceDate "2021.01.31"]
[SourceVersion "1"]
[SourceVersionDate "2021.01.31"]
[SourceQuality "1"]

1. c4 c5 2. Nc3 Nf6 3. Nf3 Nc6 4. e3 e5 5. d4 e4 6. Ne5 cxd4 7. exd4 Bb4 8. a3 Bxc3+ 9. bxc3 Qa5 10. Nxc6 bxc6 11. Bd2 Ba6 12. Be2 0-0 13. 0-0 Rfe8 14. Qc2 d5 15. Rfb1 dxc4 16. Rb4 Qd5 17. Qa2 Qd6 18. Rab1 Nd5 19. Bxc4 Nxb4 20. Bxf7+ Kh8 21. axb4 Bd3 22. Ra1 Rf8 23. Be3 a6 24. Be6 Rf6 25. d5 cxd5 26. Bxd5 Rd8 27. Bb3 Rf5 28. h3 h6 29. Kh1 Qg6 30. Rc1 Qd6 31. Ra1 Ra8 32. Bc5 Qc6 33. Ba4 Qc8 34. Bb3 Qc6 35. Ba4 Qb7 36. Qe6 Rf6 37. Qd7 Qxd7 38. Bxd7 Rd8 39. Ba4 Rg6 40. Bb3 Bb5 41. Bf7 Rf6 42. Be7 Rxf7 43. Bxd8 Rxf2 44. Re1 Bd3 45. Bb6 Rc2 46. Bd4 Kh7 47. h4 g5 48. hxg5 hxg5 49. Kh2 Kg6 50. Kg3 Ra2 51. Be3 Kf5 52. Bd4 Bc4 53. Be3 Rc2 54. Bd4 Rd2 55. Bf2 Rd3+ 56. Re3 Rd2 57. Re1 Bd5 58. Bd4 Rd3+ 59. Kf2 Bc4 60. Re2 Rd1 61. Rb2 Kf4 62. g3+ Kg4 63. Be3 Rf1+ 64. Kg2 Rf3 65. Bf2 e3 66. Be1 Bd5 67. Kg1 Bc4 68. Kg2 Rf1 69. Rb1 e2 0-1

[Event "Satka Autumn op (Women)"]
[Site "Satka"]
[Date "2020.10.23"]
[Round "3"]
[White "Martynyuk, Elizaveta"]
[Black "Doroshenko, Diana"]
[Result "1-0"]
[WhiteElo "2102"]
[BlackElo "2214"]
[PlyCount "175"]
[EventDate "2020.10.21"]
[EventType "swiss"]
[EventRounds "9"]
[EventCountry "RUS"]
[SourceTitle "CBM 199 Extra"]
[Source "ChessBase"]
[SourceDate "2021.01.31"]
[SourceVersion "1"]
[SourceVersionDate "2021.01.31"]
[SourceQuality "1"]

1. e4 e6 2. d4 d5 3. Nc3 Nf6 4. e5 Nfd7 5. f4 c5 6. Nf3 Nc6 7. Be3 a6 8. Qd2 b5 9. dxc5 Bxc5 10. Bxc5 Nxc5 11. Bd3 Qb6 12. Qf2 b4 13. Ne2 a5 14. 0-0 Ba6 15. f5 exf5 16. Nf4 Ne7 17. Nd4 0-0 18. Nxf5 Nxf5 19. Nxd5 Qd8 20. Qxc5 Rc8 21. Qb6 Qxd5 22. Qxa6 Ne3 23. Rf3 Qd4 24. Kh1 Qxb2 25. Rg1 Ng4 26. e6 Qe5 27. exf7+ Kh8 28. g3 Qd5 29. Be2 Ne5 30. Rd1 Qe4 31. Rd4 Qxd4 32. Qxc8 Qd6 33. Qf5 Nxf3 34. Bxf3 g6 35. Qxa5 Rxf7 36. Qd5 Qf6 37. Kg2 Kg7 38. h4 Rf8 39. Qb7+ Kh8 40. Qe4 Qc3 41. h5 g5 42. Be2 Rc8 43. Kh3 Qc5 44. Bd3 Rc7 45. h6 Rf7 46. g4 Qf8 47. Qe5+ Rf6 48. Qxg5 Rxh6+ 49. Kg2 Qa8+ 50. Kf2 Rh2+ 51. Ke3 Qa7+ 52. Ke4 Qb7+ 53. Ke3 Qb6+ 54. Ke4 Qe6+ 55. Kd4 Qd6+ 56. Kc4 Rf2 57. Kb3 Rf4 58. Qh5 Qe6+ 59. Kb2 h6 60. g5 Qe5+ 61. Kb1 Qxg5 62. Qe8+ Kg7 63. Qd7+ Rf7 64. Qd4+ Qf6 65. Qg4+ Kh8 66. Qxb4 Rg7 67. Qb8+ Rg8 68. Qh2 Qb6+ 69. Kc1 Rg1+ 70. Kd2 Qa5+ 71. Ke2 Re1+ 72. Kf3 Qa8+ 73. Kf2 Re6 74. Qf4 Qa7+ 75. Kg2 Qb7+ 76. Kh2 Qe7 77. a4 h5 78. a5 Rf6 79. Qb8+ Kg7 80. Qg3+ Kh8 81. a6 Rf7 82. Qb8+ Rf8 83. Qb2+ Kg8 84. Bc4+ Kh7 85. Qb7 Qg7 86. Bd5 Re8 87. Qxg7+ Kxg7 88. a7 1-0

[Event "Satka Autumn op (Women)"]
[Site "Satka"]
[Date "2020.10.22"]
[Round "2"]
[White "Doroshenko, Diana"]
[Black "Maltsevskaya, Aleksandra"]
[Result "1/2-1/2"]
[WhiteElo "2214"]
[BlackElo "2260"]
[PlyCount "149"]
[EventDate "2020.10.21"]
[EventType "swiss"]
[EventRounds "9"]
[EventCountry "RUS"]
[SourceTitle "CBM 199 Extra"]
[Source "ChessBase"]
[SourceDate "2021.01.31"]
[SourceVersion "1"]
[SourceVersionDate "2021.01.31"]
[SourceQuality "1"]

1. d4 Nf6 2. Nf3 b6 3. Bf4 Bb7 4. e3 g6 5. Bd3 d6 6. Qe2 Bg7 7. e4 Nh5 8. Bg5 h6 9. Be3 e5 10. d5 0-0 11. Qd2 g5 12. g4 Nf4 13. Bxf4 exf4 14. c4 Bc8 15. h3 Nd7 16. Nc3 Qf6 17. Bc2 a6 18. a4 Re8 19. Kf1 Nc5 20. Rd1 Nd7 21. Qe2 Ne5 22. Nxe5 Qxe5 23. f3 Bd7 24. h4 h5 25. gxh5 gxh4 26. Rxh4 Bf6 27. Rh1 Kh8 28. Qh2 Rg8 29. Ne2 Bg5 30. Nd4 Bh6 31. Nf5 Bxf5 32. exf5 Qxb2 33. Qd2 Rg3 34. Be4 Qb3 35. Qd3 Qxd3+ 36. Rxd3 b5 37. a5 Bg7 38. cxb5 axb5 39. Ra3 Bd4 40. a6 Bc5 41. Ra5 b4 42. h6 f6 43. h7 Bb6 44. Ra4 b3 45. Ke2 Rg2+ 46. Kd3 Bg1 47. Rb4 b2 48. Kc4 Bh2 49. Rb1 Rxa6 50. R1xb2 Rxb2 51. Rxb2 Bg1 52. Rg2 Bc5 53. Rg6 Ra4+ 54. Kd3 Bd4 55. Rh6 Be5 56. Rh1 Ra5 57. Kc4 Rc5+ 58. Kb4 Bc3+ 59. Kb3 Bd4 60. Kb4 Rc3 61. Kb5 c6+ 62. dxc6 d5 63. Bxd5 Rc5+ 64. Ka6 Rxd5 65. c7 Rd6+ 66. Kb5 Rb6+ 67. Kc4 Rc6+ 68. Kxd4 Rxc7 69. Kd5 Re7 70. Rh6 Re5+ 71. Kd6 Rxf5 72. Ke6 Ra5 73. Rxf6 Ra6+ 74. Kf5 Rxf6+ 75. Kxf6 1/2-1/2

[Event "Nezhmetdinov Memorial 40th"]
[Site "Kazan"]
[Date "2018.09.19"]
[Round "7"]
[White "Doroshenko, Diana"]
[Black "Maiorov, Nikita"]
[Result "0-1"]
[WhiteElo "2122"]
[BlackElo "2512"]
[PlyCount "96"]
[EventDate "2018.09.13"]
[EventType "swiss"]
[EventRounds "9"]
[EventCountry "RUS"]
[SourceTitle "CBM 186 Extra"]
[Source "ChessBase"]
[SourceDate "2018.08.24"]
[SourceVersion "1"]
[SourceVersionDate "2018.08.24"]
[SourceQuality "1"]

1. e4 e5 2. Nf3 Nc6 3. d4 exd4 4. Nxd4 Bc5 5. Nxc6 Qf6 6. Qf3 bxc6 7. Be2 Qxf3 8. Bxf3 Ne7 9. 0-0 Ng6 10. Nc3 Bd4 11. Rd1 Be5 12. Be3 d6 13. g3 0-0 14. Bg2 Bxc3 15. bxc3 Ne5 16. f4 Nc4 17. Bd4 Bg4 18. Re1 c5 19. Bf2 Rab8 20. a4 Rb2 21. h3 Be6 22. Rec1 f6 23. g4 Rfb8 24. a5 Kf8 25. Bf3 Re8 26. Bg2 Bd7 27. Rab1 Reb8 28. Rxb2 Rxb2 29. e5 fxe5 30. Bd5 Nxa5 31. fxe5 Bc6 32. Ra1 Bxd5 33. Rxa5 Ra2 34. Rb5 Rxc2 35. Rb8+ Ke7 36. Rc8 Kd7 37. Rh8 Be4 38. Rg8 Ke6 39. Rxg7 Kxe5 40. Re7+ Kd5 41. Rxc7 Rxc3 42. Rxa7 Rxh3 43. Kf1 Rb3 44. Ke2 Bg6 45. Ra6 Ke5 46. Kd2 c4 47. Rc6 d5 48. Ba7 Kf4 0-1

[Event "Nezhmetdinov Memorial 40th"]
[Site "Kazan"]
[Date "2018.09.17"]
[Round "5"]
[White "Doroshenko, Diana"]
[Black "Makov, Artem"]
[Result "1-0"]
[WhiteElo "2122"]
[BlackElo "1818"]
[PlyCount "65"]
[EventDate "2018.09.13"]
[EventType "swiss"]
[EventRounds "9"]
[EventCountry "RUS"]
[SourceTitle "CBM 186 Extra"]
[Source "ChessBase"]
[SourceDate "2018.08.24"]
[SourceVersion "1"]
[SourceVersionDate "2018.08.24"]
[SourceQuality "1"]

1. e4 c5 2. Nf3 Nc6 3. Bb5 g6 4. Bxc6 bxc6 5. 0-0 Bg7 6. Re1 Nh6 7. c3 0-0 8. d4 cxd4 9. cxd4 d5 10. e5 f6 11. exf6 exf6 12. h3 Nf7 13. Bf4 Qb6 14. Qd2 a5 15. Nc3 a4 16. Re7 Ra7 17. Rxa7 Qxa7 18. Qd1 a3 19. b3 Re8 20. Rc1 Ba6 21. Ne1 f5 22. Nf3 Qe7 23. Qd2 Nd6 24. Ne5 Ne4 25. Nxe4 dxe4 26. Nxc6 Qd7 27. Nb8 Qa7 28. Rc7 Qa8 29. Be5 Bxe5 30. dxe5 e3 31. Qd7 exf2+ 32. Kxf2 Rxe5 33. Qg7# 1-0